|
|
|
|
| LEADER |
00000nam0a2200000 4500 |
| 001 |
287336 |
| 005 |
20231101235959.0 |
| 020 |
|
|
|a RU
|b 85-77090
|
| 035 |
|
|
|a (RuTPU)RU\TPU\book\311731
|
| 090 |
|
|
|a 287336
|
| 100 |
|
|
|a 20150316d1985 m y0rusy5003 ca
|
| 101 |
0 |
|
|a rus
|
| 102 |
|
|
|a RU
|
| 105 |
|
|
|a ac z 001zb
|
| 200 |
1 |
|
|a Крупская
|f Л. Кунецкая, К. Маштакова
|
| 205 |
|
|
|a 3-е изд., доп.
|
| 210 |
|
|
|a Москва
|c Молодая гвардия
|d 1985
|
| 215 |
|
|
|a 368 с.
|c 25 л. ил.
|
| 225 |
1 |
|
|a Жизнь замечательных людей. Серия биографий
|v Вып. 9(531)
|
| 320 |
|
|
|a Библиогр.: с. 366-367
|
| 600 |
|
1 |
|a Крупская
|b Н. К.
|c российский политический деятель
|c жена В. И. Ленина
|f 1869-1939
|g Надежда Константиновна
|2 stltpush
|3 (RuTPU)RU\TPU\pers\496
|9 237
|
| 606 |
1 |
|
|a Персоналии деятелей КПСС
|x История
|2 stltpush
|3 (RuTPU)RU\TPU\subj\48642
|9 67493
|
| 610 |
1 |
|
|a КПСС
|
| 610 |
1 |
|
|a педагогика
|
| 610 |
1 |
|
|a история
|
| 610 |
1 |
|
|a биографии
|
| 610 |
1 |
|
|a государственные деятели
|
| 610 |
1 |
|
|a политические деятели
|
| 610 |
1 |
|
|a 20 век
|
| 610 |
1 |
|
|a педагоги-исследователи
|
| 686 |
|
|
|a Ф61(2)8
|2 rubbk
|
| 700 |
|
1 |
|a Кунецкая
|b Л. И.
|g Людмила Ивановна
|4 070
|
| 701 |
|
1 |
|a Маштакова
|b К. А.
|g Клара Александровна
|4 070
|
| 801 |
|
0 |
|a RU
|b RuMRKP
|c 19950704
|g psbo
|
| 801 |
|
1 |
|a RU
|b 63413507
|c 20150316
|
| 801 |
|
2 |
|a RU
|b 63413507
|c 20180119
|g RCR
|
| 942 |
|
|
|c BK
|